LEADER 00490nam##22001337##450# 001 9910551773203321 010 $a9788856301847 100 $a########d########u##y0engy50####ba 105 0 $a########00### 200 1 $aChe musica, maestro! : note collettive di storia musicale : dallo Chalet Albereta all'Amicizia, dal Tartaruga alla Mecca, sino alle radio libere / Alessandro Sarti. 700 $aSarti, Alessandro.$0743416 912 $a9910551773203321 996 $aChe musica, maestro$92432045 997 $aUNINA